Se acata pero no se cumple?: Estudios sobre las normas en América Latina
Tallennettuna:
| Päätekijä: | |
|---|---|
| Aineistotyyppi: | Kirja |
| Kieli: | espanja |
| Julkaistu: |
Santiago
LOM
2009
|
| Painos: | 1a. ed |
| Sarja: | Colección Escafandra. Serie Individuo y Ciencias Sociales
|
| Aiheet: | |
| Tagit: |
Lisää tagi
Ei tageja, Lisää ensimmäinen tagi!
|
MARC
| LEADER | 00000nam a2200000 a 4500 | ||
|---|---|---|---|
| 001 | UCH9150 | ||
| 003 | CL-VaPUC | ||
| 008 | 091224e20090000CL |||||||||||||||||spa|d | ||
| 020 | |a 9789560001108 | ||
| 082 | 0 | 4 | |a 306 |b ARA |2 21 |
| 100 | 0 | |a Araujo, Kathya |e author |9 546062 | |
| 245 | 1 | 0 | |a Se acata pero no se cumple?: Estudios sobre las normas en América Latina |
| 250 | |a 1a. ed | ||
| 300 | |a 220 p | ||
| 942 | |c BK | ||
| 945 | |d 20091224 00:00:00 |a cmena | ||
| 260 | |a Santiago |b LOM |c 2009 | ||
| 650 | 0 | |a Desarrollo cultural |9 267526 | |
| 650 | 0 | |a Investigación social |9 307814 | |
| 650 | 0 | |a Vida social |9 337244 | |
| 650 | 0 | |a Costumbres y tradiciones |9 268292 | |
| 650 | 0 | |a Normas jurídicas |9 258310 | |
| 650 | 7 | |a CUMPLIMIENTO DE LA LEY |2 CL-VaPUC |9 546063 | |
| 651 | 0 | |a América Latina |9 255027 | |
| 583 | |a last modification |c 20091224 00:00:00 |k Rodrigo Vera | ||
| 490 | 0 | |a Colección Escafandra. Serie Individuo y Ciencias Sociales | |
| 999 | |c 339211 |d 339209 | ||
| 952 | |0 0 |1 0 |4 0 |6 306_000000000000000_ARA_2009 |7 0 |8 C |9 432697 |a BIBCUR |b BIBCUR |d 2019-11-22 |i 4627342 |o 306 ARA 2009 |p 4627342 |r 2025-04-22 |w 2019-11-22 |y BK |k CAC | ||